[Event "Bayern-chB 77th"]
[Site "Bad Woerishofen"]
[Date "2006.08.31"]
[Round "7"]
[White "Von Schwerin, Clemens"]
[Black "Porubszki, Georg"]
[Result "0-1"]
[WhiteElo "1579"]
[BlackElo "1814"]
[PlyCount "70"]
[EventDate "2006.08.26"]
[EventType "swiss"]
[EventRounds "9"]
[EventCountry "GER"]
[SourceTitle "EXT 2015"]
[Source "ChessBase"]
[SourceDate "2014.11.20"]
[SourceVersion "1"]
[SourceVersionDate "2014.11.20"]
[SourceQuality "1"]

1. c4 e5 2. Nc3 Nf6 3. Nf3 Nc6 4. e3 d5 5. cxd5 Nxd5 6. d4 Nxc3 7. bxc3 exd4 8. cxd4 Bg4 9. Bb5 Bb4+ 10. Bd2 Bxd2+ 11. Qxd2 Qd5 12. Bxc6+ Qxc6 13. Rc1 Qe4 14. Qa5 0-0 15. Ke2 c6 16. h3 Bxf3+ 17. gxf3 Qe6 18. Rcg1 b6 19. Qd2 Rad8 20. h4 c5 21. Kd1 cxd4 22. exd4 Qf5 23. Kc1 Qb5 24. d5 Rc8+ 25. Kd1 Qb1+ 26. Ke2 Rfe8+ 27. Qe3 Rxe3+ 28. fxe3 Qb2+ 29. Kd3 f5 30. Rb1 Qc3+ 31. Ke2 Qc2+ 32. Kf1 Qxb1+ 33. Kg2 Rc2+ 34. Kg3 Qxh1 35. d6 Qh2# 0-1

[Event "Bayern-chB 77th"]
[Site "Bad Woerishofen"]
[Date "2006.08.26"]
[Round "1"]
[White "Nagel, Bernhard"]
[Black "Porubszki, Georg"]
[Result "1-0"]
[WhiteElo "2183"]
[BlackElo "1814"]
[PlyCount "91"]
[EventDate "2006.08.26"]
[EventType "swiss"]
[EventRounds "9"]
[EventCountry "GER"]
[SourceTitle "EXT 2015"]
[Source "ChessBase"]
[SourceDate "2014.11.20"]
[SourceVersion "1"]
[SourceVersionDate "2014.11.20"]
[SourceQuality "1"]

1. d4 Nf6 2. c4 e6 3. Nf3 b6 4. g3 Bb7 5. Nc3 Bb4 6. Bd2 0-0 7. Bg2 d6 8. 0-0 Nbd7 9. Qc2 Bxc3 10. Bxc3 Be4 11. Qd2 Qe7 12. Ne1 Bxg2 13. Nxg2 Rad8 14. f3 a5 15. e4 e5 16. Ne3 g6 17. Nd5 Nxd5 18. cxd5 f6 19. Rac1 exd4 20. Bxd4 Rc8 21. Kg2 Ne5 22. h3 Nd7 23. Rc3 f5 24. Re1 fxe4 25. Rxe4 Qf7 26. Qh6 c5 27. dxc6 Rxc6 28. Rf4 Rxc3 29. Bxc3 Qe7 30. Re4 Ne5 31. Qe3 Qf7 32. f4 g5 33. Bxe5 dxe5 34. Rxe5 gxf4 35. Rg5+ Kh8 36. Qc3+ Qf6 37. Rf5 Qxc3 38. Rxf8+ Kg7 39. bxc3 Kxf8 40. gxf4 Ke7 41. Kf3 Kf6 42. Ke4 h5 43. f5 b5 44. a3 h4 45. Kf4 a4 46. Kg4 1-0

[Event "Liechtenstein Seniors op 04th"]
[Site "Triesen"]
[Date "2004.??.??"]
[Round "7"]
[White "Bucher, Rolf"]
[Black "Porubszki, Georg"]
[Result "1/2-1/2"]
[WhiteElo "2082"]
[BlackElo "1998"]
[PlyCount "46"]
[EventDate "2004.05.14"]
[EventType "swiss"]
[EventRounds "9"]
[EventCountry "LIE"]
[SourceTitle "EXT 2005"]
[Source "ChessBase"]
[SourceDate "2004.11.15"]
[SourceVersion "1"]
[SourceVersionDate "2004.11.15"]
[SourceQuality "1"]

1. d4 c5 2. Nf3 cxd4 3. Nxd4 Nc6 4. g3 g6 5. Bg2 Bg7 6. Nxc6 bxc6 7. 0-0 Rb8 8. c3 d5 9. Qa4 Qb6 10. Bxd5 Bd7 11. Bg2 Nf6 12. Qc2 0-0 13. Nd2 Bf5 14. e4 Be6 15. b3 Rfd8 16. Bb2 Bh6 17. Nf3 c5 18. c4 a5 19. Rad1 Rxd1 20. Rxd1 a4 21. Bxf6 axb3 22. axb3 exf6 23. Rb1 Qb4 1/2-1/2

[Event "Liechtenstein Seniors op 04th"]
[Site "Triesen"]
[Date "2004.??.??"]
[Round "6"]
[White "Porubszki, Georg"]
[Black "Baumann, Kurt2222"]
[Result "1/2-1/2"]
[WhiteElo "1998"]
[BlackElo "1708"]
[PlyCount "48"]
[EventDate "2004.05.14"]
[EventType "swiss"]
[EventRounds "9"]
[EventCountry "LIE"]
[SourceTitle "EXT 2005"]
[Source "ChessBase"]
[SourceDate "2004.11.15"]
[SourceVersion "1"]
[SourceVersionDate "2004.11.15"]
[SourceQuality "1"]

1. Nf3 Nf6 2. b3 c5 3. Bb2 e6 4. e3 Nc6 5. Be2 Be7 6. 0-0 d5 7. d4 0-0 8. c4 cxd4 9. Nxd4 Nxd4 10. exd4 b6 11. Nd2 Bb7 12. Bf3 Qd7 13. Re1 Rac8 14. cxd5 Bxd5 15. Bxd5 Nxd5 16. Nc4 Bb4 17. Re4 Rfd8 18. Qf3 Nf6 19. Re2 Qd5 20. Qd3 b5 21. Ne3 Qh5 22. Rc2 Rxc2 23. Qxc2 Bd6 24. Nf1 Qd5 1/2-1/2

[Event "Liechtenstein Seniors op 04th"]
[Site "Triesen"]
[Date "2004.??.??"]
[Round "3"]
[White "Sigrist, Walter"]
[Black "Porubszki, Georg"]
[Result "1/2-1/2"]
[WhiteElo "1773"]
[BlackElo "1998"]
[PlyCount "64"]
[EventDate "2004.05.14"]
[EventType "swiss"]
[EventRounds "9"]
[EventCountry "LIE"]
[SourceTitle "EXT 2005"]
[Source "ChessBase"]
[SourceDate "2004.11.15"]
[SourceVersion "1"]
[SourceVersionDate "2004.11.15"]
[SourceQuality "1"]

1. e4 c6 2. d4 d6 3. c4 e5 4. dxe5 dxe5 5. Qxd8+ Kxd8 6. Nc3 Bb4 7. Be3 Nf6 8. f3 Bxc3+ 9. bxc3 b6 10. Ne2 Na6 11. Nc1 Be6 12. Nb3 Ke7 13. Be2 Rhd8 14. Rd1 Rxd1+ 15. Kxd1 Nd7 16. Kc2 Nc7 17. a4 a6 18. Ra1 Rb8 19. g4 g6 20. g5 Ne8 21. a5 b5 22. cxb5 Bxb3+ 23. Kxb3 cxb5 24. Rd1 Rc8 25. Kb4 Nb8 26. Bb6 Nd7 27. Be3 Nd6 28. Rd5 Nc4 29. Bc5+ Nxc5 30. Rxc5 Nd6 31. Rxe5+ Kd7 32. Rc5 Re8 1/2-1/2

[Event "Liechtenstein Seniors op 03rd"]
[Site "Triesen"]
[Date "2003.05.28"]
[Round "6"]
[White "Porubszki, Georg"]
[Black "Studer, Kurt"]
[Result "1-0"]
[WhiteElo "1864"]
[BlackElo "1820"]
[PlyCount "115"]
[EventDate "2003.05.??"]
[EventType "swiss"]
[EventRounds "9"]
[EventCountry "LIE"]
[SourceTitle "EXT 2006"]
[Source "ChessBase"]
[SourceDate "2005.11.24"]
[SourceVersion "1"]
[SourceVersionDate "2005.11.24"]
[SourceQuality "1"]

1. e4 c5 2. Nf3 d6 3. Bb5+ Bd7 4. Bxd7+ Qxd7 5. 0-0 Nc6 6. c3 g6 7. Re1 Bg7 8. a4 e6 9. d3 Nge7 10. Na3 a6 11. Nc4 Nc8 12. Bf4 0-0 13. Qd2 e5 14. Bh6 Rb8 15. Bxg7 Kxg7 16. Ne3 b5 17. axb5 axb5 18. h3 Nb6 19. Ng4 f6 20. b3 Kh8 21. d4 Qc7 22. dxc5 dxc5 23. Qe3 Qe7 24. Qe2 c4 25. Ne3 Qf7 26. b4 Ra8 27. Qd2 Rxa1 28. Rxa1 Rd8 29. Qc2 Na4 30. Nd5 Kg7 31. Nd2 f5 32. f3 fxe4 33. fxe4 Qa7+ 34. Kh1 Qf2 35. Rf1 Qe2 36. Qc1 Rf8 37. Re1 Qf2 38. Qd1 Qa7 39. Rf1 Nb2 40. Qe2 Rxf1+ 41. Qxf1 Qf7 42. Nf3 Nd3 43. Qg1 Nd8 44. Qb6 Ne6 45. Qxb5 Nf2+ 46. Kh2 Nxe4 47. Nxe5 Qa7 48. Qxc4 Nd2 49. Qe2 Qb8 50. Qxd2 Qxe5+ 51. g3 g5 52. Ne3 h5 53. Nc4 Qc7 54. Nd6 Kf8 55. c4 Qc6 56. Qf2+ Ke7 57. c5 Qd5 58. Qf7+ 1-0

[Event "Liechtenstein Seniors op 03rd"]
[Site "Triesen"]
[Date "2003.05.24"]
[Round "2"]
[White "Kock, Hans Uwe"]
[Black "Porubszki, Georg"]
[Result "0-1"]
[WhiteElo "2089"]
[BlackElo "1864"]
[PlyCount "90"]
[EventDate "2003.05.??"]
[EventType "swiss"]
[EventRounds "9"]
[EventCountry "LIE"]
[SourceTitle "EXT 2006"]
[Source "ChessBase"]
[SourceDate "2005.11.24"]
[SourceVersion "1"]
[SourceVersionDate "2005.11.24"]
[SourceQuality "1"]

1. d4 Nf6 2. c4 e6 3. Nf3 b6 4. g3 Bb7 5. Bg2 Be7 6. 0-0 0-0 7. Re1 d6 8. Nc3 Ne4 9. Qc2 Nxc3 10. Qxc3 c5 11. dxc5 bxc5 12. e4 Nc6 13. Be3 Qc7 14. Rad1 e5 15. Nd2 a5 16. Nf1 a4 17. Bd2 Nd4 18. Ne3 Bc6 19. Nd5 Bxd5 20. exd5 Bf6 21. Qd3 Qd7 22. Bc3 Rab8 23. h4 g6 24. Kh2 Bg7 25. Bxd4 cxd4 26. Rb1 f5 27. f3 Rb4 28. Re2 h5 29. Rc2 Rfb8 30. Qe2 Qe7 31. Qd3 Bh6 32. f4 exf4 33. Qxd4 fxg3+ 34. Kxg3 Be3 35. Qd3 Qe5+ 36. Kf3 Qf4+ 37. Ke2 Re8 38. Kd1 Qg4+ 39. Re2 Rxc4 40. Bf3 Qf4 41. Ke1 Qg3+ 42. Kd1 Rd4 43. Qxd4 Bxd4 44. Rxe8+ Kf7 45. Re2 Qxf3 0-1

[Event "Liechtenstein Seniors op 03rd"]
[Site "Triesen"]
[Date "2003.05.23"]
[Round "1"]
[White "Porubszki, Georg"]
[Black "Payrits, Helmut"]
[Result "1-0"]
[WhiteElo "1864"]
[BlackElo "1878"]
[PlyCount "57"]
[EventDate "2003.05.??"]
[EventType "swiss"]
[EventRounds "9"]
[EventCountry "LIE"]
[SourceTitle "EXT 2006"]
[Source "ChessBase"]
[SourceDate "2005.11.24"]
[SourceVersion "1"]
[SourceVersionDate "2005.11.24"]
[SourceQuality "1"]

1. d4 b6 2. Nf3 Bb7 3. Nbd2 Nf6 4. e3 a5 5. Bd3 Na6 6. c3 e6 7. Qe2 c5 8. 0-0 d5 9. Bb5+ Nd7 10. Ne5 Nab8 11. Ndf3 Ba6 12. e4 Bxb5 13. Qxb5 dxe4 14. Ng5 Qc7 15. Ngxf7 Rg8 16. Ng5 Bd6 17. Nxe6 Qb7 18. Nc4 Be7 19. d5 Kf7 20. f3 Re8 21. fxe4+ Kg8 22. Bf4 Na6 23. Nd6 Bxd6 24. Bxd6 Nf6 25. Rae1 Nxe4 26. Rxe4 Qxd5 27. Qd7 Rxe6 28. Qxe6+ Qxe6 29. Rxe6 1-0

[Event "Bad Woerishofen op 19th"]
[Site "Bad Woerishofen"]
[Date "2003.03.20"]
[Round "8"]
[White "Porubszki, Georg"]
[Black "Schiessl, Siegfried"]
[Result "0-1"]
[WhiteElo "2044"]
[BlackElo "1789"]
[PlyCount "106"]
[EventDate "2003.03.13"]
[EventType "swiss"]
[EventRounds "9"]
[EventCountry "GER"]
[SourceTitle "CBM 093 Extra"]
[Source "ChessBase"]
[SourceDate "2003.05.09"]
[SourceVersion "1"]
[SourceVersionDate "2003.05.09"]
[SourceQuality "1"]

1. Nf3 g6 2. d4 Bg7 3. e3 Nf6 4. b4 c6 5. Bb2 a5 6. b5 d6 7. c4 Nbd7 8. a4 cxb5 9. cxb5 b6 10. Nbd2 Bb7 11. Bd3 0-0 12. 0-0 Nd5 13. Rc1 Rc8 14. Rxc8 Qxc8 15. Qe2 Nc3 16. Bxc3 Qxc3 17. Nc4 Bxf3 18. gxf3 d5 19. Nb2 Rc8 20. Rb1 e5 21. dxe5 Nxe5 22. Kg2 Nxd3 23. Nxd3 Qc2 24. Qxc2 Rxc2 25. Rc1 Rxc1 26. Nxc1 Kf8 27. Nd3 Ke7 28. e4 Kd6 29. Kf1 f5 30. exf5 gxf5 31. h4 d4 32. Ke2 Kd5 33. f4 h5 34. Ne1 Kc4 35. Nf3 Kb4 36. Ne5 Kxa4 37. Kd3 Kxb5 38. Kxd4 a4 39. Ke3 Kc5 40. Kd3 Kd5 41. Nc4 b5 42. Ne3+ Ke6 43. Nc2 Bf6 44. f3 Kd6 45. Ne3 Ke6 46. Nc2 Bb2 47. Nb4 Bc1 48. Nc6 a3 49. Nd4+ Kf6 50. Nb3 Bxf4 51. Kc2 Bg3 52. Nd2 Bxh4 53. Kb3 Be1 0-1

[Event "Saarlouis op 5th"]
[Site "Saarlouis"]
[Date "2002.05.31"]
[Round "7"]
[White "Sadjadi, Said"]
[Black "Porubszki, Georg"]
[Result "1-0"]
[WhiteElo "1720"]
[BlackElo "2125"]
[PlyCount "68"]
[EventDate "2002.05.??"]
[EventType "swiss"]
[EventRounds "9"]
[EventCountry "GER"]
[SourceTitle "EXT 2006"]
[Source "ChessBase"]
[SourceDate "2005.11.24"]
[SourceVersion "1"]
[SourceVersionDate "2005.11.24"]
[SourceQuality "1"]

1. e4 e6 2. c4 d5 3. Nc3 dxe4 4. Nxe4 e5 5. Nf3 Nc6 6. d3 Bg4 7. Be3 Bb4+ 8. Nc3 Nge7 9. Be2 0-0 10. 0-0 Bxc3 11. bxc3 Nf5 12. h3 Nxe3 13. fxe3 Bh5 14. e4 Bxf3 15. Bxf3 Qd6 16. Qc2 Rad8 17. Rad1 Qc5+ 18. Kh2 Rd6 19. Rf2 Rfd8 20. Bh5 g6 21. Bg4 Rxd3 22. Rxd3 Rxd3 23. Qxd3 Qxf2 24. Bc8 Qb6 25. c5 Qxc5 26. Bxb7 Kg7 27. Qd7 Ne7 28. c4 Kf6 29. Ba6 Qd6 30. Qa4 Qc6 31. Bb5 Qxe4 32. Qxa7 c6 33. Ba6 Qd4 34. Qa8 e4 1-0

[Event "Baden-ch Seniors"]
[Site "Waldshut"]
[Date "2002.03.31"]
[Round "3"]
[White "Porubszki, Georg"]
[Black "Villing, Dieter"]
[Result "0-1"]
[WhiteElo "2109"]
[BlackElo "2231"]
[PlyCount "98"]
[EventDate "2002.03.29"]
[EventType "swiss"]
[EventRounds "9"]
[EventCountry "GER"]
[SourceTitle "EXT 2003"]
[Source "ChessBase"]
[SourceDate "2002.11.25"]
[SourceVersion "1"]
[SourceVersionDate "2002.11.25"]
[SourceQuality "1"]

1. Nf3 Nf6 2. g3 d6 3. Bg2 e5 4. d3 Be7 5. c4 Nbd7 6. 0-0 Nf8 7. Nc3 Ng6 8. Bg5 h6 9. Bxf6 Bxf6 10. Rc1 Be6 11. b4 Qd7 12. Qa4 Qxa4 13. Nxa4 Kd7 14. Rfd1 Rad8 15. Nc3 c6 16. a4 Be7 17. b5 f5 18. Rb1 Rb8 19. a5 Bf6 20. e4 Ne7 21. a6 bxa6 22. bxa6 Kc7 23. Na4 Rxb1 24. Rxb1 Rb8 25. Rxb8 Kxb8 26. c5 Kc7 27. Nd2 d5 28. Nc3 fxe4 29. dxe4 d4 30. Na4 Bc8 31. Bf1 Bg5 32. Nf3 Ng6 33. Nxg5 hxg5 34. Bc4 Nf8 35. Nb2 Nd7 36. Na4 Kd8 37. Kg2 Ke7 38. Kf3 Nf6 39. Nb6 Bg4+ 40. Kg2 Bd1 41. Nc8+ Kd8 42. Nd6 Bc2 43. Kf1 Nxe4 44. Nxe4 Bxe4 45. Ke2 Bd5 46. Bd3 e4 47. Bb1 Ke8 48. h3 Ke7 49. f3 Bc4+ 0-1

[Event "Bad Woerishofen op 18th"]
[Site "Bad Woerishofen"]
[Date "2002.??.??"]
[Round "5"]
[White "Porubszki, Georg"]
[Black "Graf, Christian"]
[Result "1/2-1/2"]
[WhiteElo "2109"]
[BlackElo "2245"]
[PlyCount "45"]
[EventDate "2002.03.??"]
[EventType "swiss"]
[EventRounds "9"]
[EventCountry "GER"]
[SourceTitle "EXT 2003"]
[Source "ChessBase"]
[SourceDate "2002.11.25"]
[SourceVersion "1"]
[SourceVersionDate "2002.11.25"]
[SourceQuality "1"]

1. Nf3 d5 2. e3 Nf6 3. d4 Bf5 4. Bd3 Bxd3 5. cxd3 e6 6. Qb3 Qc8 7. 0-0 Be7 8. Nc3 0-0 9. e4 c6 10. Bg5 Qc7 11. Rac1 Ng4 12. Bxe7 Qxe7 13. h3 Nf6 14. Rfe1 Qd7 15. Ne5 Qc8 16. Ng4 Nbd7 17. Nxf6+ Nxf6 18. e5 Nd7 19. Nb5 Nb6 20. Nd6 Qd7 21. a4 Rab8 22. Qa3 Nc8 23. Nxc8 1/2-1/2

[Event "Liechtenstein Seniors op 01st"]
[Site "Triesen"]
[Date "2001.05.22"]
[Round "5"]
[White "Tochtermann, Georg"]
[Black "Porubszki, Georg"]
[Result "0-1"]
[WhiteElo "1905"]
[BlackElo "1927"]
[PlyCount "110"]
[EventDate "2001.05.??"]
[EventType "swiss"]
[EventRounds "9"]
[EventCountry "LIE"]
[SourceTitle "EXT 2006"]
[Source "ChessBase"]
[SourceDate "2005.11.24"]
[SourceVersion "1"]
[SourceVersionDate "2005.11.24"]
[SourceQuality "1"]

1. e4 c5 2. c4 Nc6 3. Nc3 d6 4. g3 Nf6 5. Bg2 e5 6. d3 Be7 7. Nge2 Nd4 8. 0-0 Bg4 9. f3 Bd7 10. f4 b5 11. fxe5 Nxe2+ 12. Qxe2 dxe5 13. Nd5 b4 14. h3 Nxd5 15. exd5 Bd6 16. Be3 0-0 17. h4 Qc8 18. Rae1 Bg4 19. Bf3 Bh3 20. Bg2 Bg4 21. Qd2 Qc7 22. Bf2 f6 23. Kh2 a5 24. Bh3 Bxh3 25. Kxh3 Qd7+ 26. Kg2 f5 27. Qd1 Rf6 28. Rh1 f4 29. gxf4 exf4 30. Qf3 Rg6+ 31. Kf1 Rf8 32. Rg1 Rg3 33. Qe4 Rxg1+ 34. Kxg1 Qg4+ 35. Qg2 Qf5 36. Qf3 Rf6 37. Kf1 Kf7 38. d4 Qc8 39. b3 Rg6 40. Re4 cxd4 41. Bxd4 Kg8 42. Bf2 Rf6 43. Ke1 h6 44. Bd4 Rg6 45. Bf2 Rf6 46. Qh5 Qh3 47. Qe2 Qc3+ 48. Kf1 Qh3+ 49. Ke1 Qc3+ 50. Kf1 Qa1+ 51. Be1 f3 52. Qf2 Qb1 53. Re6 Qd3+ 54. Kg1 Qg6+ 55. Kf1 Bc5 0-1

[Event "Liechtenstein Seniors op 01st"]
[Site "Triesen"]
[Date "2001.05.18"]
[Round "1"]
[White "Porubszki, Georg"]
[Black "Klovans, Janis"]
[Result "0-1"]
[WhiteElo "1927"]
[BlackElo "2450"]
[PlyCount "90"]
[EventDate "2001.05.??"]
[EventType "swiss"]
[EventRounds "9"]
[EventCountry "LIE"]
[SourceTitle "EXT 2006"]
[Source "ChessBase"]
[SourceDate "2005.11.24"]
[SourceVersion "1"]
[SourceVersionDate "2005.11.24"]
[SourceQuality "1"]

1. d4 Nf6 2. Nf3 b6 3. g3 Bb7 4. Bg2 e6 5. 0-0 c5 6. c3 Be7 7. Bg5 0-0 8. Re1 d6 9. Nbd2 Nbd7 10. e4 cxd4 11. cxd4 h6 12. Bxf6 Nxf6 13. Qa4 a6 14. Rac1 b5 15. Qb3 Rc8 16. Qd3 Qa5 17. Qb1 d5 18. Nb3 Qb4 19. Nfd2 dxe4 20. Nxe4 Bxe4 21. Bxe4 a5 22. Rxc8 Rxc8 23. Rd1 a4 24. Nc5 Bxc5 25. a3 Qc4 26. Bd3 Qxd4 27. Bh7+ Nxh7 28. Rxd4 Bxd4 29. Qd3 e5 30. Qxb5 Rc2 31. Qb8+ Nf8 32. Qe8 Rxf2 33. Qxa4 Rxb2+ 34. Kh1 g5 35. h4 Ne6 36. hxg5 Nxg5 37. Qd1 Ra2 38. Qd3 e4 39. Qxd4 Rh2+ 40. Kxh2 Nf3+ 41. Kg2 Nxd4 42. a4 f5 43. a5 Nc6 44. a6 Kf7 45. Kf2 Ke6 0-1

[Event "Basel Hilton op 03rd"]
[Site "Basel"]
[Date "2001.01.04"]
[Round "4"]
[White "Kliment, Jan"]
[Black "Porubszki, Georg"]
[Result "0-1"]
[WhiteElo "2122"]
[BlackElo "2002"]
[PlyCount "78"]
[EventDate "2001.01.01"]
[EventType "swiss"]
[EventRounds "7"]
[EventCountry "SUI"]
[SourceTitle "CBM 080 Extra"]
[Source "ChessBase"]
[SourceDate "2001.03.08"]
[SourceVersion "1"]
[SourceVersionDate "2001.03.08"]
[SourceQuality "1"]

1. d4 d5 2. Nf3 e6 3. c4 f5 4. Nc3 c6 5. e3 Nf6 6. Qc2 Be7 7. b3 0-0 8. Bd3 Ne4 9. 0-0 Nd7 10. Bb2 Qe8 11. Ne5 Nxe5 12. dxe5 Bd7 13. f3 Nxc3 14. Bxc3 c5 15. cxd5 exd5 16. f4 Rc8 17. Qb2 Be6 18. Rac1 b5 19. Kh1 b4 20. Be1 c4 21. Be2 a5 22. Bf2 Qf7 23. Rfd1 Bc5 24. Bf3 Ba7 25. Qd2 cxb3 26. axb3 d4 27. exd4 Bxb3 28. Rf1 Bd5 29. Bxd5 Qxd5 30. Qd3 b3 31. Rb1 a4 32. Qa6 Bxd4 33. Qxa4 Bxf2 34. Rxf2 Rc4 35. Qa6 Rc2 36. Qf1 Rfc8 37. h3 b2 38. Rxc2 Rxc2 39. Rd1 Qxd1 0-1

[Event "Basel Hilton op 03rd"]
[Site "Basel"]
[Date "2001.01.03"]
[Round "3"]
[White "Porubszki, Georg"]
[Black "Schaufelberger, Heinz"]
[Result "1/2-1/2"]
[WhiteElo "2002"]
[BlackElo "2268"]
[PlyCount "116"]
[EventDate "2001.01.01"]
[EventType "swiss"]
[EventRounds "7"]
[EventCountry "SUI"]
[SourceTitle "CBM 080 Extra"]
[Source "ChessBase"]
[SourceDate "2001.03.08"]
[SourceVersion "1"]
[SourceVersionDate "2001.03.08"]
[SourceQuality "1"]

1. Nf3 Nf6 2. g3 g6 3. Bg2 Bg7 4. d3 0-0 5. c4 d6 6. Nc3 c6 7. 0-0 a6 8. Qc2 b5 9. Nd4 d5 10. Bf4 Bb7 11. cxd5 cxd5 12. Nb3 Bc6 13. Nd4 Qd7 14. Qd2 b4 15. Nd1 Nh5 16. Nf3 Nxf4 17. Qxf4 Qb7 18. Rc1 d4 19. Ne1 e5 20. Bxc6 Nxc6 21. Qe4 Rac8 22. b3 Na5 23. Qxb7 Nxb7 24. Rc4 Rxc4 25. dxc4 Re8 26. Nd3 a5 27. e4 dxe3 28. Nxe3 e4 29. Nf4 a4 30. Nfd5 axb3 31. axb3 Nc5 32. Nxb4 Rb8 33. Ned5 Nxb3 34. Nc6 Ra8 35. Ne3 Ra6 36. Rb1 Rxc6 37. Rxb3 Bd4 38. Rb4 h5 39. c5 Bxe3 40. fxe3 Rxc5 41. Rxe4 Rc2 42. h4 Kg7 43. Rf4 Re2 44. Rf3 Kf8 45. Kf1 Ra2 46. Rf2 Rxf2+ 47. Kxf2 Ke7 48. Kf3 Kd6 49. Kf4 f6 50. e4 Ke6 51. Kf3 Ke5 52. Ke3 Ke6 53. Kf4 Kd6 54. Kf3 g5 55. Kf2 Ke6 56. Ke2 Kd6 57. Kf2 Ke5 58. Ke3 gxh4 1/2-1/2

[Event "Bad Woerishofen op 17th"]
[Site "Bad Woerishofen"]
[Date "2001.??.??"]
[Round "5"]
[White "Porubszki, Georg"]
[Black "Theuermeister, Peter"]
[Result "1-0"]
[WhiteElo "1908"]
[BlackElo "1587"]
[PlyCount "91"]
[EventDate "2001.03.15"]
[EventType "swiss"]
[EventRounds "9"]
[EventCountry "GER"]
[SourceTitle "CBM 081 Extra"]
[Source "ChessBase"]
[SourceDate "2001.05.06"]
[SourceVersion "1"]
[SourceVersionDate "2001.05.06"]
[SourceQuality "1"]

1. d4 Nf6 2. Nf3 e6 3. e3 d5 4. Nbd2 c5 5. c3 cxd4 6. exd4 Nc6 7. Bd3 Bd6 8. 0-0 0-0 9. Re1 Re8 10. Ne5 g6 11. Ndf3 Bf8 12. Bg5 Bg7 13. Qd2 a6 14. Qf4 Rf8 15. Qh4 Nb8 16. Ng4 Nbd7 17. Nfe5 h5 18. Nxd7 hxg4 19. Nxf8 Kxf8 20. Re3 Ke8 21. f3 Kd7 22. fxg4 Qh8 23. Bxf6 Bxf6 24. Qxh8 Bxh8 25. g5 Ke7 26. Rh3 Bg7 27. Rf1 Bd7 28. Rh7 Rg8 29. h4 Be8 30. Re1 Kf8 31. g4 Rh8 32. Rxh8+ Bxh8 33. Kg2 Ke7 34. Kf3 f6 35. gxf6+ Bxf6 36. Rh1 Kf7 37. h5 Kg7 38. Bxg6 Bxg6 39. hxg6 Kxg6 40. Kf4 a5 41. Re1 Kf7 42. g5 Bg7 43. Rh1 b5 44. Rh7 Kg6 45. Rxg7+ Kxg7 46. Ke5 1-0

[Event "Bayern-chI Bank Hofmann 4th"]
[Site "Bad Wiessee"]
[Date "2000.10.28"]
[Round "1"]
[White "Porubszki, Georg"]
[Black "Martinovic, Slobodan"]
[Result "0-1"]
[WhiteElo "2002"]
[BlackElo "2448"]
[PlyCount "52"]
[EventDate "2000.10.28"]
[EventType "swiss"]
[EventRounds "9"]
[EventCountry "GER"]
[SourceTitle "EXT 2003"]
[Source "ChessBase"]
[SourceDate "2002.11.25"]
[SourceVersion "1"]
[SourceVersionDate "2002.11.25"]
[SourceQuality "1"]

1. d4 Nf6 2. e3 g6 3. f4 Bg7 4. Nf3 0-0 5. Be2 d6 6. 0-0 Nbd7 7. c4 e5 8. Nc3 Qe7 9. Qc2 c6 10. b3 Ng4 11. dxe5 dxe5 12. h3 Nh6 13. a4 exf4 14. e4 f5 15. Ba3 Nc5 16. e5 a5 17. Rad1 Nf7 18. Rfe1 Rd8 19. Rxd8+ Nxd8 20. Rd1 Nf7 21. Qd2 g5 22. Nxg5 Nxg5 23. Qd8+ Bf8 24. Bxc5 Qxc5+ 25. Kh1 Nf7 26. Qc7 Qxe5 0-1

[Event "Wiesbaden op 19th"]
[Site "Wiesbaden"]
[Date "2000.08.27"]
[Round "2"]
[White "Porubszki, Georg"]
[Black "Koehler, Ronald"]
[Result "0-1"]
[WhiteElo "2002"]
[BlackElo "2255"]
[PlyCount "64"]
[EventDate "2000.08.26"]
[EventType "swiss"]
[EventRounds "9"]
[EventCountry "GER"]
[SourceTitle "EXT 2001"]
[Source "ChessBase"]
[SourceDate "2000.11.22"]
[SourceVersion "1"]
[SourceVersionDate "2000.11.22"]
[SourceQuality "1"]

1. e4 c5 2. Nf3 Nc6 3. Bb5 g6 4. Bxc6 dxc6 5. 0-0 Bg7 6. h3 e5 7. b4 cxb4 8. a3 bxa3 9. Nxa3 Ne7 10. Nc4 f6 11. Ba3 0-0 12. Qb1 b5 13. Na5 Be6 14. Bxe7 Qxe7 15. Nxc6 Qc5 16. Na5 b4 17. c3 Rab8 18. d4 exd4 19. cxd4 Qh5 20. Nb3 Bxh3 21. gxh3 Qxf3 22. Rxa7 Qxh3 23. Nc5 b3 24. Rd1 Qg4+ 25. Kf1 Rfd8 26. d5 Rb6 27. Rd3 Bf8 28. Rg3 Qh5 29. Nd7 Rxd7 30. Rxd7 Qh1+ 31. Rg1 Qh3+ 32. Ke2 Qxd7 0-1

[Event "Biel MTO op"]
[Site "Biel"]
[Date "2000.08.03"]
[Round "10"]
[White "Porubszki, Georg"]
[Black "Hubschmid, Stefan"]
[Result "1-0"]
[WhiteElo "2002"]
[BlackElo "2140"]
[PlyCount "141"]
[EventDate "2000.07.24"]
[EventType "swiss"]
[EventRounds "11"]
[EventCountry "SUI"]
[SourceTitle "CBM 077 Extra"]
[Source "ChessBase"]
[SourceDate "2000.09.14"]
[SourceVersion "1"]
[SourceVersionDate "2000.09.14"]
[SourceQuality "1"]

1. c4 Nf6 2. d4 e6 3. a3 a5 4. Nc3 d5 5. g3 Be7 6. Bg2 0-0 7. Nf3 Nbd7 8. c5 c6 9. 0-0 b6 10. cxb6 Nxb6 11. Ne5 Bb7 12. Bg5 c5 13. dxc5 Bxc5 14. Na4 Bd6 15. Nxb6 Qxb6 16. Bxf6 gxf6 17. Nd7 Qd8 18. Nxf8 Qxf8 19. Qa4 f5 20. Rfd1 Ba6 21. Bf1 Qb8 22. e3 Bxf1 23. Rxf1 Qxb2 24. Qc6 Qb8 25. Rfc1 Qf8 26. Qa4 Qe8 27. Qxe8+ Rxe8 28. Rc6 Be5 29. Rb1 Ra8 30. Rb5 Bf6 31. Rxd5 exd5 32. Rxf6 Rb8 33. Rxf5 Rb3 34. a4 Rb4 35. Rf4 Kg7 36. Kf1 Rb2 37. Rd4 Ra2 38. Kg2 Kf6 39. g4 Ke6 40. Kg3 f6 41. h4 h6 42. f3 Ra1 43. Kf4 Rh1 44. h5 Rb1 45. e4 dxe4 46. Rxe4+ Kf7 47. Kf5 Rc1 48. Kf4 Ra1 49. Rc4 Ra3 50. Ke4 Ke6 51. Rc6+ Kf7 52. Rc4 Ke6 53. f4 Ra1 54. Rc6+ Kf7 55. Kf5 Rxa4 56. Rxf6+ Kg7 57. Ra6 Kh7 58. Ra7+ Kg8 59. Kg6 Kf8 60. Kxh6 Rxf4 61. g5 a4 62. Ra8+ Ke7 63. g6 Rg4 64. Kg7 Ke6 65. h6 Kf5 66. Rf8+ Kg5 67. Rf5+ Kh4 68. h7 Kg3 69. h8Q a3 70. Qb8+ Kg2 71. Qa8+ 1-0